QUEST Central Library Banner

Calculus with Analytic Geometry (Record no. 12382)

MARC details
000 -LEADER
fixed length control field 00591nam a22002177a 4500
003 - CONTROL NUMBER IDENTIFIER
control field PK-NaQUE
005 - DATE AND TIME OF LATEST TRANSACTION
control field 20250522155323.0
008 - FIXED-LENGTH DATA ELEMENTS--GENERAL INFORMATION
fixed length control field 250522b ||||| |||| 00| 0 eng d
040 ## - CATALOGING SOURCE
Transcribing agency QUEST
082 ## - DEWEY DECIMAL CLASSIFICATION NUMBER
Classification number 517PRO
100 ## - MAIN ENTRY--PERSONAL NAME
Personal name Protter, Murray H.
245 ## - TITLE STATEMENT
Title Calculus with Analytic Geometry
250 ## - EDITION STATEMENT
Edition statement 2nd ed
260 ## - PUBLICATION, DISTRIBUTION, ETC. (IMPRINT)
Place of publication, distribution, etc London
Name of publisher, distributor, etc Addison Wisely Publishing Company
Date of publication, distribution, etc 1975
300 ## - PHYSICAL DESCRIPTION
Extent 548p
650 ## - SUBJECT ADDED ENTRY--TOPICAL TERM
Topical term or geographic name as entry element Calculus
650 ## - SUBJECT ADDED ENTRY--TOPICAL TERM
Topical term or geographic name as entry element Geometry, Analytic
700 ## - ADDED ENTRY--PERSONAL NAME
Personal name Morrey, Charles B.
856 ## - ELECTRONIC LOCATION AND ACCESS
Uniform Resource Identifier <a href="http://10.10.170.122:8080/browse/book/27401">http://10.10.170.122:8080/browse/book/27401</a>
Link text Download eBook
942 ## - ADDED ENTRY ELEMENTS (KOHA)
Koha item type Books
Source of classification or shelving scheme Dewey Decimal Classification
Holdings
Withdrawn status Lost status Damaged status Not for loan Collection code Home library Current library Date acquired Cost, normal purchase price Total Checkouts Full call number Barcode Date last seen Koha item type
        Reference Reference Section Reference Section 13/02/2015 149.18   517PRO (Shelf - 29E) 7354 13/02/2015 Books
          Seminar Library, Mathematics & Statis. Seminar Library, Mathematics & Statis. 13/02/2015 149.18   517PRO 7355 13/02/2015 Books

Copyright © 2018,The QUEST, Nawabshah, Shaheed Benazirabad. All rights reserved
Mr. G. Farooq Channar (Librarian) QUEST, Nawabshah, Sindh, Pakistan 67480.
 Ph#: |   0244-9370381-4 Ext. 2308   Email| lib@quest.edu.pk   Web|  http://www.quest.edu.pk